| 000 | 00544nam a22001817a 4500 | ||
|---|---|---|---|
| 005 | 20251108173456.0 | ||
| 008 | 250721s2007 xx 000 0 ara d | ||
| 082 | 1 | 4 | _a635.9/ عبي |
| 100 | 1 | _aعبيد، هبة | |
| 245 | 1 | 0 | _aالنباتات الداخلية و الخارجية / |
| 264 | 1 |
_aعمان : _bدار اليازوري العلمية، _c2007. |
|
| 300 | _a208ص. | ||
| 650 | 1 | 7 | _aالنباتات |
| 650 | 1 | 7 | _aزراعة زهور القطف |
| 650 | 1 | 7 | _aنباتات الزينة |
| 942 |
_2ddc _cBK |
||
| 999 |
_c104775 _d104775 |
||